[Event "37th Taminco Open 2014"]
[Site "Ghent BEL"]
[Date "2014.07.20"]
[Round "3.3"]
[White "Bokros, Albert"]
[Black "Leruste, Georges"]
[Result "1-0"]
[WhiteTitle "IM"]
[WhiteElo "2485"]
[BlackElo "2183"]
[WhiteFideId "710458"]
[BlackFideId "612146"]
[EventDate "2014.07.19"]

1. e4 d5 2. exd5 Qxd5 3. Nc3 Qd8 4. d4 Nf6 5. Nf3 Bg4 6. Be2 e6 7. h3 Bh5 8. O-O
Be7 9. g4 Bg6 10. Ne5 Nfd7 11. Nc4 Nb6 12. Nxb6 axb6 13. f4 h6 14. Be3 c6 15. f5
exf5 16. gxf5 Bh7 17. Bd3 Nd7 18. Qf3 Nf6 19. Rae1 O-O 20. a3 Re8 21. Kh1 Kh8
22. Rg1 Bf8 23. Rg2 Qd7 24. Ne2 b5 25. Bd2 b6 26. Reg1 Qd5 27. Qxd5 Nxd5 28. Ng3
f6 29. c3 Ne3 30. Rf2 Bg8 31. Be4 Nd5 32. Bf3 Bf7 33. Rfg2 Ne7 34. Kh2 Bd5 35.
Bxd5 Nxd5 36. Nh5 Ra7 37. Kg3 Rae7 38. Nf4 Nxf4 39. Bxf4 Kg8 40. Kf3 Kf7 41. Ra1
Ra7 42. Re2 Rxe2 43. Kxe2 b4 44. cxb4 Bxb4 45. Rc1 Bf8 46. Rxc6 Ra5 47. Rxb6
Rxf5 48. Ke3 g5 49. Bc7 h5 50. Ke4 Rf1 51. d5 Bc5 52. Rc6 Re1+ 53. Kd3 Rd1+ 54.
Kc4 Bf2 55. Bb6 Bg3 56. Bd4 Rc1+ 57. Kb5 Rxc6 58. Kxc6 Ke7 59. Bc5+ Kd8 60. d6
Bxd6 61. Bxd6 f5 62. Kd5 Kd7 63. Bh2 g4 64. h4 1-0

[Event "37th Taminco Open 2014"]
[Site "Ghent BEL"]
[Date "2014.07.20"]
[Round "3.4"]
[White "Clemens, Adrian"]
[Black "Meijers, Viesturs"]
[Result "0-1"]
[WhiteTitle "FM"]
[BlackTitle "GM"]
[WhiteElo "2187"]
[BlackElo "2475"]
[WhiteFideId "1006487"]
[BlackFideId "11600314"]
[EventDate "2014.07.19"]

1. d4 Nf6 2. c4 e6 3. Nc3 Bb4 4. e3 b6 5. Ne2 Bb7 6. a3 Bd6 7. Qc2 c5 8. d5 exd5
9. cxd5 Qe7 10. e4 Be5 11. Bg5 h6 12. Bh4 d6 13. O-O-O g5 14. Bg3 Nbd7 15. Bxe5
Qxe5 16. g3 g4 17. h3 a6 18. hxg4 Nxg4 19. Nf4 b5 20. Qe2 Qg5 21. Rh5 Qg7 22.
Bh3 Nge5 23. Bxd7+ Nxd7 24. Nd3 O-O-O 25. Qd2 Rde8 26. Rdh1 c4 27. Nb4 a5 28.
Nxb5 Nc5 29. Qf4 Rd8 30. Nxd6+ Rxd6 31. Qxd6 Nb3+ 32. Kb1 axb4 33. Qxb4 Qd4 34.
Rxh6 Rxh6 35. Rxh6 Qd1+ 0-1

[Event "37th Taminco Open 2014"]
[Site "Ghent BEL"]
[Date "2014.07.20"]
[Round "3.5"]
[White "Czebe, Attila"]
[Black "Vinke, Maarten"]
[Result "1-0"]
[WhiteTitle "GM"]
[WhiteElo "2439"]
[BlackElo "2132"]
[WhiteFideId "705268"]
[BlackFideId "1038648"]
[EventDate "2014.07.19"]

1. c4 c5 2. Nf3 Nc6 3. Nc3 g6 4. e3 Bg7 5. d4 cxd4 6. exd4 d6 7. h3 e6 8. d5 Ne5
9. dxe6 Bxe6 10. Nd4 Ne7 11. Ne4 d5 12. Nxe6 fxe6 13. Qa4+ N5c6 14. Ng5 Qd7 15.
Be2 h6 16. Nf3 O-O 17. O-O Rad8 18. Re1 Nf5 19. Rb1 Qf7 20. Bd2 Nfd4 21. Bc3
Nxe2+ 22. Rxe2 d4 23. Bb4 Nxb4 24. Qxb4 d3 25. Rd2 Rd7 26. Re1 Qf5 27. Re3 h5
28. Qb3 Rfd8 29. c5 Rd5 30. Qxb7 Bh6 31. c6 Bxe3 32. fxe3 Rc5 33. h4 Rc1+ 34.
Kh2 Qf7 35. Ng5 Qxb7 36. cxb7 Rb8 37. Rxd3 Rxb7 38. Rd8+ Kg7 39. Nxe6+ Kf6 40.
Nf4 Rxb2 41. a4 Ra1 42. Rf8+ Ke7 43. Nxg6+ Kd6 44. Rf6+ Kd5 45. Rf5+ Ke4 46.
Re5+ Kd3 47. Nf4+ Kd2 48. Kg3 Rxa4 49. Kf3 Rb3 50. Rd5+ Kc3 51. Rxh5 a5 52. Rc5+
Kd2 53. Rd5+ Kc2 54. h5 Rb6 55. g4 Ra1 56. g5 a4 57. g6 Rf1+ 58. Kg2 1-0

[Event "37th Taminco Open 2014"]
[Site "Ghent BEL"]
[Date "2014.07.20"]
[Round "3.6"]
[White "Lacrosse, Marc"]
[Black "Ernst, Thomas"]
[Result "0-1"]
[WhiteTitle "FM"]
[BlackTitle "GM"]
[WhiteElo "2174"]
[BlackElo "2364"]
[WhiteFideId "200921"]
[BlackFideId "1700065"]
[EventDate "2014.07.19"]

1. d4 Nf6 2. c4 e6 3. Nf3 c5 4. d5 d6 5. Nc3 exd5 6. cxd5 g6 7. e4 Bg7 8. h3 O-O
9. Bd3 Nh5 10. Bg5 Bf6 11. Be3 Nd7 12. O-O Ne5 13. Be2 Nxf3+ 14. Bxf3 Ng7 15.
Qd2 Bd7 16. a4 Be5 17. Rfe1 f5 18. Bg5 Qa5 19. exf5 Nxf5 20. Bg4 Rae8 21. Bxf5
Rxf5 22. f4 Bg7 23. g4 Rf7 24. Rxe8+ Bxe8 25. Bh4 Qb4 26. Bg3 Bd7 27. Kh2 Re7
28. Re1 Rxe1 29. Bxe1 Qd4 30. Qxd4 cxd4 31. Nb5 g5 32. b3 gxf4 33. Kg2 Be5 34.
Nxa7 Be8 35. Nb5 Bg6 36. Kf3 Bc2 37. Bb4 Bxb3 38. Ke4 Bc2+ 39. Kf3 Bb3 40. Ke4
Bxd5+ 41. Kxd5 f3 42. Be1 d3 0-1

[Event "37th Taminco Open 2014"]
[Site "Ghent BEL"]
[Date "2014.07.20"]
[Round "3.7"]
[White "Sadikhov, Ulvi"]
[Black "Blom, Yeb"]
[Result "1-0"]
[WhiteElo "2335"]
[BlackElo "2123"]
[WhiteFideId "13401416"]
[BlackFideId "1024590"]
[EventDate "2014.07.19"]

1. e4 c5 2. Nf3 Nc6 3. d4 cxd4 4. Nxd4 Nf6 5. Nc3 d6 6. Bc4 e6 7. O-O Be7 8. b3
a6 9. Nxc6 bxc6 10. Bb2 d5 11. Bd3 e5 12. Qe2 Qc7 13. Rae1 Bd6 14. f4 O-O 15.
exd5 Bg4 16. Qd2 exf4 17. dxc6 Bc5+ 18. Kh1 Be3 19. Rxe3 fxe3 20. Qxe3 Qxc6 21.
Qg3 Rfe8 22. h3 Bd7 23. Ne4 Nh5 24. Qf3 f5 25. Qxh5 Qg6 26. Qxg6 hxg6 27. Nd6
Re3 28. Bd4 Re7 29. Bc4+ Kh7 30. Nf7 Bb5 31. Ne5 Rae8 32. Nf3 Bxc4 33. bxc4 Re2
34. Rc1 Kh6 35. h4 R8e4 36. c5 Rg4 37. c6 Re6 38. c7 Rc6 39. Be5 Rgc4 40. c3 Kh5
41. Kh2 R6c5 42. Rd1 Rxe5 43. Nxe5 Rxc7 44. g3 Rxc3 45. Rd8 Rc2+ 46. Kh3 g5 47.
Rh8# 1-0

[Event "37th Taminco Open 2014"]
[Site "Ghent BEL"]
[Date "2014.07.20"]
[Round "3.8"]
[White "Barendse, Ted"]
[Black "Sriram, Jha"]
[Result "0-1"]
[BlackTitle "GM"]
[WhiteElo "2137"]
[BlackElo "2375"]
[WhiteFideId "1006150"]
[BlackFideId "5001668"]
[EventDate "2014.07.19"]

1. e4 e5 2. Nf3 Nc6 3. d4 exd4 4. Nxd4 Bb4+ 5. c3 Bc5 6. Be3 Bb6 7. Nf5 g6 8.
Bxb6 axb6 9. Ne3 Nf6 10. f3 O-O 11. c4 Nh5 12. Qd2 Na5 13. Nc2 d6 14. Nc3 f5 15.
O-O-O fxe4 16. Nxe4 Nf6 17. Nc3 Be6 18. Ne3 Qd7 19. Kb1 Qf7 20. Ncd5 b5 21. cxb5
Nxd5 22. Nxd5 Bf5+ 23. Kc1 Nb3+ 24. axb3 Ra1# 0-1

[Event "37th Taminco Open 2014"]
[Site "Ghent BEL"]
[Date "2014.07.20"]
[Round "3.9"]
[White "Van der Stricht, Geert"]
[Black "Verbaken, Onno"]
[Result "1/2-1/2"]
[WhiteTitle "IM"]
[WhiteElo "2350"]
[BlackElo "2068"]
[WhiteFideId "201324"]
[BlackFideId "1026925"]
[EventDate "2014.07.19"]

1. d4 d5 2. c4 e6 3. Nf3 Be7 4. Nc3 c6 5. e4 dxe4 6. Nxe4 Nf6 7. Bd3 Nbd7 8. O-O
c5 9. Nxf6+ Nxf6 10. dxc5 Bxc5 11. b4 Be7 12. Bb2 O-O 13. a3 a5 14. b5 b6 15.
Qc2 h6 16. Rfd1 Qc7 17. Be5 Qc5 18. Bd4 Qc7 19. c5 bxc5 20. Rac1 Bb7 21. Bxc5
Rac8 22. Bxe7 Qxe7 23. Qe2 Rxc1 24. Rxc1 Qxa3 25. Qe3 Be4 26. Bxe4 Qxe3 27. fxe3
Nxe4 28. Rc4 Nd6 29. Ra4 Nxb5 30. Rxa5 Rb8 31. Nd2 Nc3 32. Rc5 Nd1 33. e4 Rb2
34. Rc8+ Kh7 35. Rd8 g5 36. Rd3 Rc2 37. h3 Kg7 38. Kf1 Ne3+ 39. Rxe3 Rxd2 40.
Kg1 h5 41. h4 g4 42. Kh2 Kf6 43. e5+ Kf5 44. Re1 Rf2 45. Kg3 Rf4 46. Ra1 Re4 47.
Ra7 Kg6 48. Ra5 Re1 49. Rb5 Rf1 50. Rb2 Rf5 51. Re2 Kg7 52. Re1 Kf8 53. Re2 Ke7
54. Re4 Ke8 55. Re2 Kd7 56. Rd2+ Kc6 57. Rd6+ Kc5 58. Rd7 Kc6 59. Rd6+ Kc5 60.
Rd7 Kc4 61. Kh2 Rxe5 62. Rxf7 Kd4 63. Kg3 Ke3 64. Rf6 Ke4 65. Rh6 Kd5 66. Kf4
Rf5+ 67. Ke3 Ke5 68. Rg6 Kd6 69. Rg7 1/2-1/2

[Event "37th Taminco Open 2014"]
[Site "Ghent BEL"]
[Date "2014.07.20"]
[Round "3.10"]
[White "Ghyselen, Wouter"]
[Black "Marholev, Dimitar"]
[Result "1/2-1/2"]
[BlackTitle "IM"]
[WhiteElo "2096"]
[BlackElo "2349"]
[WhiteFideId "210250"]
[BlackFideId "2901340"]
[EventDate "2014.07.19"]

1. d4 g6 2. e4 Bg7 3. Nf3 d6 4. Bc4 e6 5. O-O a6 6. Qe2 Ne7 7. Nbd2 b5 8. Bd3
Bb7 9. c3 c5 10. dxc5 dxc5 11. e5 Nd7 12. Ne4 O-O 13. Bg5 c4 14. Bc2 h6 15. Bh4
Rb8 16. Rad1 Bxe4 17. Qxe4 Qe8 18. g4 Nd5 19. Bg3 Nc5 20. Qe2 b4 21. Qxc4 Na4
22. Qb3 Nc5 23. Qc4 Qe7 24. h4 bxc3 25. bxc3 Rfc8 26. Rb1 Ra8 27. Qd4 Rd8 28.
Rfd1 a5 29. c4 Nb4 30. Qb2 Rxd1+ 31. Rxd1 Rb8 32. a3 Nc6 33. Qc3 Rd8 34. Rxd8+
Qxd8 35. Qe3 Nd7 36. Ba4 Qc7 37. h5 g5 38. Qe4 Ncxe5 39. Bxd7 Nxf3+ 40. Qxf3
Qxd7 41. c5 e5 42. Qa8+ 1/2-1/2

[Event "37th Taminco Open 2014"]
[Site "Ghent BEL"]
[Date "2014.07.20"]
[Round "3.11"]
[White "Schuermans, Robert"]
[Black "Lamorelle, Julien"]
[Result "0-1"]
[BlackTitle "FM"]
[WhiteElo "2086"]
[BlackElo "2340"]
[WhiteFideId "200263"]
[BlackFideId "616010"]
[EventDate "2014.07.19"]

1. e4 e5 2. f4 exf4 3. Bc4 d5 4. Bxd5 Nf6 5. Nf3 Nxd5 6. exd5 Qxd5 7. Nc3 Qf5 8.
O-O Be6 9. d4 Nc6 10. Nh4 Qa5 11. d5 O-O-O 12. Bxf4 Nb4 13. Bg5 f6 14. Qe2 Bxd5
15. Qg4+ Kb8 16. Bd2 h5 17. Qg6 Bc4 18. Rf4 Bc5+ 19. Kh1 Rxd2 20. Rxc4 Rhd8 21.
Nf3 R2d7 22. Re1 Bf2 23. Rf1 Bb6 24. Rh4 Qa6 25. Rb1 Nxa2 26. h3 Nxc3 27. bxc3
Bf2 28. Rxh5 Rd1+ 29. Rxd1 Rxd1+ 30. Kh2 Qd6+ 31. g3 a6 32. Kg2 Bc5 33. Qf5 g5
34. h4 Qe7 35. hxg5 fxg5 36. Rh7 Qe2+ 37. Kh3 Bd6 38. Kg4 Rg1 39. Rh3 Ka7 40.
Kxg5 Rf1 41. g4 Qg2 42. Kh4 Be7+ 43. g5 Qf2+ 44. Rg3 Rh1+ 45. Kg4 Qe2 46. g6
Rh4# 0-1

[Event "37th Taminco Open 2014"]
[Site "Ghent BEL"]
[Date "2014.07.20"]
[Round "3.12"]
[White "Froeyman, Helmut"]
[Black "Vos, Jan Pieter"]
[Result "1-0"]
[WhiteTitle "FM"]
[WhiteElo "2304"]
[BlackElo "2102"]
[WhiteFideId "203602"]
[BlackFideId "1014153"]
[EventDate "2014.07.19"]

1. e4 e6 2. d4 d5 3. Nc3 Nf6 4. e5 Nfd7 5. f4 c5 6. Nf3 Nc6 7. Be3 Be7 8. a3 O-O
9. dxc5 a5 10. Na4 f6 11. exf6 Nxf6 12. Bb5 Ng4 13. Qe2 e5 14. O-O-O Nxe3 15.
Qxe3 Rxf4 16. Nb6 Nd4 17. Rxd4 Rxd4 18. Nxa8 Bg4 19. Nb6 Bxc5 20. Nxd4 Bxd4 21.
Qg3 Qxb6 22. Qxg4 Qxb5 23. Qe6+ Kf8 24. c3 Be3+ 25. Kb1 d4 26. c4 Qb3 27. Rf1+
Bf4 28. Rf3 Qd1+ 29. Ka2 g5 30. Rb3 1-0

[Event "37th Taminco Open 2014"]
[Site "Ghent BEL"]
[Date "2014.07.20"]
[Round "3.13"]
[White "Glimmerveen, Martin"]
[Black "Decoster, Frederic"]
[Result "0-1"]
[BlackTitle "FM"]
[WhiteElo "2106"]
[BlackElo "2298"]
[WhiteFideId "1012290"]
[BlackFideId "204269"]
[EventDate "2014.07.19"]

1. e4 c5 2. Nc3 a6 3. g3 b5 4. Bg2 Bb7 5. d3 e6 6. f4 d5 7. e5 Nc6 8. Nf3 Nh6 9.
O-O Nf5 10. g4 Nfd4 11. Ne2 Nxf3+ 12. Rxf3 Qb6 13. c3 h5 14. Rh3 d4 15. Ng3
O-O-O 16. Rxh5 Rxh5 17. Nxh5 c4 18. cxd4 Qxd4+ 19. Kh1 cxd3 20. Bd2 Nb4 21. Rc1+
Nc2 22. Ng3 Bb4 23. Nf1 Bxg2+ 24. Kxg2 Bxd2 25. Qxd2 Kb8 26. Kf3 Kb7 27. b3 Qd5+
28. Kf2 Qe4 29. Ng3 Qd4+ 30. Kf3 Qd5+ 31. Kf2 Rh8 32. Kg1 Rc8 33. Rd1 Rd8 34.
Kf2 b4 35. Nf1 Qe4 36. Ng3 Qd4+ 37. Kf3 f6 38. exf6 gxf6 39. h4 e5 40. fxe5 fxe5
41. Nf5 e4+ 42. Kg3 Qc3 43. Qg5 d2+ 44. Kh2 Rd7 45. Qf4 e3 46. Qf3+ Ka7 47. Kg1
Qd3 48. Qc6 e2 49. Qc5+ Kb7 50. Ne7 0-1

[Event "37th Taminco Open 2014"]
[Site "Ghent BEL"]
[Date "2014.07.20"]
[Round "3.14"]
[White "Sarrau, Jelle"]
[Black "Van Vliet, Dennis"]
[Result "1-0"]
[WhiteTitle "FM"]
[WhiteElo "2325"]
[BlackElo "2084"]
[WhiteFideId "207608"]
[BlackFideId "209740"]
[EventDate "2014.07.19"]

1. d4 d5 2. c4 e6 3. Nc3 c5 4. cxd5 exd5 5. Nf3 Nc6 6. dxc5 Bxc5 7. Qxd5 Qb6 8.
e3 Be6 9. Qg5 Nge7 10. Na4 Bb4+ 11. Bd2 Bxd2+ 12. Nxd2 Qb4 13. Qb5 Rd8 14. Nc3
a6 15. Qxb4 Nxb4 16. O-O-O Ned5 17. Nde4 Ke7 18. a3 Nxc3 19. Nxc3 Rxd1+ 20. Kxd1
Rd8+ 21. Kc1 Na2+ 22. Nxa2 Bxa2 23. b4 Bb3 24. Be2 Rc8+ 25. Kb1 Bc2+ 26. Kb2 Be4
27. Bf3 Bxf3 28. gxf3 Rd8 29. Kc3 f5 30. f4 Rd6 31. Rg1 Kf7 32. f3 Rc6+ 33. Kd3
Rd6+ 34. Kc3 Rc6+ 35. Kd4 Rd6+ 36. Ke5 Re6+ 37. Kxf5 Rxe3 38. Rc1 Re7 39. Rc5 h6
40. h4 g6+ 41. Kg4 Kf6 42. f5 Re3 43. fxg6 Kxg6 44. Rc7 Rxa3 45. Rxb7 a5 46.
Rb6+ Kg7 47. b5 Rb3 1-0

[Event "37th Taminco Open 2014"]
[Site "Ghent BEL"]
[Date "2014.07.20"]
[Round "3.15"]
[White "Stam, Hans"]
[Black "Szeberenyi, Adam"]
[Result "0-1"]
[BlackTitle "IM"]
[WhiteElo "1928"]
[BlackElo "2316"]
[WhiteFideId "1043838"]
[BlackFideId "710466"]
[EventDate "2014.07.19"]

1. e4 c5 2. Nf3 e6 3. d4 cxd4 4. Nxd4 a6 5. Nc3 Qc7 6. Be2 Nf6 7. O-O b5 8. Bf3
e5 9. Nd5 Nxd5 10. exd5 d6 11. Nb3 Be7 12. Be2 Nd7 13. a4 bxa4 14. Rxa4 Nb6 15.
Ra1 Bb7 16. Na5 Bxd5 17. Be3 Be4 18. c4 O-O 19. Qd2 Nd7 20. Rfc1 Rab8 21. b4 f5
22. f3 Ba8 23. Rab1 f4 24. Bf2 e4 25. fxe4 Bxe4 26. Bd3 Bxd3 27. Qxd3 Kh8 28.
Bd4 Bf6 29. Bf2 Ne5 30. Qd5 Ng4 31. Bd4 Bxd4+ 32. Qxd4 Ne3 33. c5 dxc5 34. Rxc5
Qf7 35. Nc6 Qg6 36. Rb2 Rbe8 37. Ne5 Qf6 38. Rd2 Qf5 39. Nd3 Qg6 40. Rc1 f3 41.
Ne5 Qg5 42. Qe4 Qxe5 0-1

[Event "37th Taminco Open 2014"]
[Site "Ghent BEL"]
[Date "2014.07.20"]
[Round "3.16"]
[White "Verstraeten, Rein"]
[Black "Lindam, Ingo"]
[Result "1/2-1/2"]
[WhiteTitle "FM"]
[WhiteElo "2298"]
[BlackElo "2076"]
[WhiteFideId "223654"]
[BlackFideId "24699756"]
[EventDate "2014.07.19"]

1. d4 Nf6 2. c4 g6 3. Nc3 Bg7 4. e4 d6 5. Be2 O-O 6. Bg5 Na6 7. Qd2 e5 8. d5 c6
9. f3 h6 10. Bxh6 Nxe4 11. Nxe4 Qh4+ 12. g3 Qxh6 13. Qxh6 Bxh6 14. Nxd6 cxd5 15.
cxd5 Nb4 16. Rd1 Nc2+ 17. Kf2 Be3+ 18. Kg2 Bc5 19. Nc4 b5 20. Bd3 bxc4 21. Bxc2
Rb8 22. b3 Ba6 23. Nh3 Rfd8 24. f4 Bd4 25. fxe5 Bxe5 26. Ng5 c3 27. Rhe1 Bg7 28.
d6 Bf8 29. Re3 Rxd6 30. Rxd6 Bxd6 31. Rxc3 Rc8 32. Rxc8+ Bxc8 33. Be4 Kg7 34.
Bd5 f5 35. Ne6+ Bxe6 36. Bxe6 Kf6 37. Bd5 Ke5 38. Bf7 g5 39. h4 gxh4 40. gxh4
Kf4 41. h5 Bf8 42. Bd5 Ke3 43. Kg3 Bd6+ 44. Kg2 Bf8 45. Kh3 Kf4 46. Bc4 Ke3 47.
Bd5 Kf4 48. Bc6 Ke3 49. Bb7 Kf4 50. Ba8 Kg5 51. Bf3 Kf4 52. Kg2 Ke3 53. Bc6 f4
54. Bf3 a6 55. Bb7 a5 56. Bf3 Bg7 57. Bd1 Bf8 58. Bf3 Bg7 59. Bc6 Bf8 60. Bf3
Bg7 61. a3 1/2-1/2

[Event "37th Taminco Open 2014"]
[Site "Ghent BEL"]
[Date "2014.07.20"]
[Round "4.1"]
[White "Decoster, Frederic"]
[Black "Van Den Doel, Erik"]
[Result "1/2-1/2"]
[WhiteTitle "FM"]
[BlackTitle "GM"]
[WhiteElo "2298"]
[BlackElo "2547"]
[WhiteFideId "204269"]
[BlackFideId "1003720"]
[EventDate "2014.07.19"]

1. e4 e5 2. Nf3 Nc6 3. Bb5 a6 4. Ba4 Nf6 5. O-O Be7 6. Re1 b5 7. Bb3 d6 8. c3
O-O 9. h3 a5 10. d3 a4 11. Bc2 Bb7 12. Nbd2 d5 13. Nh2 a3 14. Ng4 Nxg4 15. hxg4
d4 16. c4 axb2 17. Bxb2 Ba6 18. Bb3 Na5 19. cxb5 Bxb5 20. Qe2 Qd6 21. Rec1 Bg5
22. Bd5 c6 23. a4 Qb4 24. Rc2 cxd5 25. axb5 Bxd2 26. Rxd2 Qxb5 27. exd5 Qxd5 28.
Rc2 h6 29. Re1 Rfe8 30. Rc7 Nc6 31. Rc1 Nb4 32. R1c4 Na6 33. R7c6 e4 34. Bxd4
exd3 35. Qxd3 Nb4 36. Qf3 Qxf3 37. gxf3 Nxc6 38. Rxc6 Rac8 39. Ra6 Re1+ 40. Kg2
Rcc1 41. f4 Red1 42. Be3 Ra1 43. Rb6 Rg1+ 44. Kf3 Ra4 45. Rb8+ Kh7 46. Rb7 f6
47. Rd7 Kg6 48. Rb7 Rd1 49. Rc7 Rd5 50. Rb7 h5 51. gxh5+ Rxh5 52. Kg4 Rd5 53.
Kf3 Ra3 54. Rc7 Rad3 55. Rb7 Rd7 56. Rb1 Kf5 57. Rb5+ R3d5 58. Rb4 Re7 59. Ra4
g6 60. Rb4 Red7 61. Ra4 Ke6 62. Rb4 Rf5 63. Kg3 Rfd5 64. Ra4 Kf5 65. Kf3 g5 66.
fxg5 fxg5 67. Kg3 Re5 68. Rb4 Rde7 69. Kf3 Rf7 70. Kg3 Rh7 71. Ra4 Rd5 72. Rb4
Rh1 73. Kg2 Rdd1 74. Rb5+ Ke4 75. Rb4+ Kf5 76. Rb5+ Kg4 77. Rxg5+ Kh4 78. Kf3 1/2-1/2

[Event "37th Taminco Open 2014"]
[Site "Ghent BEL"]
[Date "2014.07.20"]
[Round "4.2"]
[White "Hovhannisyan, Mher"]
[Black "Froeyman, Helmut"]
[Result "1-0"]
[WhiteTitle "IM"]
[BlackTitle "FM"]
[WhiteElo "2513"]
[BlackElo "2304"]
[WhiteFideId "13300865"]
[BlackFideId "203602"]
[EventDate "2014.07.19"]

1. Nf3 f5 2. g3 Nf6 3. Bg2 e6 4. O-O Be7 5. d3 O-O 6. Nbd2 d6 7. e4 fxe4 8. dxe4
e5 9. c3 Qe8 10. Ng5 Bd8 11. f4 exf4 12. gxf4 h6 13. Nh3 Qh5 14. Qxh5 Nxh5 15.
f5 Nc6 16. Nc4 Re8 17. Bd2 Ne5 18. Nxe5 Rxe5 19. c4 Re8 20. Bf3 Nf6 21. Rae1 Nd7
22. Bh5 Rf8 23. Nf4 Ne5 24. Bc3 Bg5 25. b3 b6 26. Re2 Bd7 27. Rg2 Be8 28. Bxe8
Bxf4 29. Bd7 Bg5 30. Be6+ Kh7 31. Kf2 Rae8 32. Ke2 Bf6 33. Rfg1 Re7 34. Rg3 Nd7
35. Bxf6 Rxf6 36. Bxd7 Rxd7 37. Rg6 Rff7 38. Re6 Rde7 39. Rgg6 Kg8 40. Kd3 Kf8
41. Kd4 Ke8 42. b4 a6 43. Kd5 Kd7 44. a4 Re8 45. Rxe8 Kxe8 46. Kc6 Re7 47. Re6
Rxe6 48. fxe6 a5 49. b5 Kd8 50. e7+ Kxe7 51. Kxc7 g5 52. Kxb6 g4 53. Kc7 h5 54.
b6 h4 55. b7 g3 56. hxg3 1-0

[Event "37th Taminco Open 2014"]
[Site "Ghent BEL"]
[Date "2014.07.20"]
[Round "4.3"]
[White "Szeberenyi, Adam"]
[Black "Bokros, Albert"]
[Result "1/2-1/2"]
[WhiteTitle "IM"]
[BlackTitle "IM"]
[WhiteElo "2316"]
[BlackElo "2485"]
[WhiteFideId "710466"]
[BlackFideId "710458"]
[EventDate "2014.07.19"]

1. d4 Nf6 2. c4 e6 3. Nf3 b6 4. a3 Bb7 5. Nc3 Ne4 6. Nxe4 Bxe4 7. e3 Be7 8. Bd3
Bxd3 9. Qxd3 O-O 10. O-O d6 11. b4 Nd7 1/2-1/2

[Event "37th Taminco Open 2014"]
[Site "Ghent BEL"]
[Date "2014.07.20"]
[Round "4.4"]
[White "Meijers, Viesturs"]
[Black "Sarrau, Jelle"]
[Result "1-0"]
[WhiteTitle "GM"]
[BlackTitle "FM"]
[WhiteElo "2475"]
[BlackElo "2325"]
[WhiteFideId "11600314"]
[BlackFideId "207608"]
[EventDate "2014.07.19"]

1. c4 Nf6 2. Nf3 c5 3. b3 e6 4. Bb2 b6 5. g3 Bb7 6. Bg2 Be7 7. O-O O-O 8. Nc3 a6
9. d4 cxd4 10. Qxd4 d6 11. Rfd1 Nbd7 12. Ng5 Bxg2 13. Kxg2 Qc7 14. Nge4 Rfd8 15.
Nxf6+ Nxf6 16. e4 Qb7 17. f3 b5 18. Rd2 Rac8 19. cxb5 axb5 20. a3 Rc5 21. Nd1
Rdc8 22. Ne3 Bf8 23. Rad1 h6 24. h4 h5 25. Qd3 Nd7 26. Nc2 Ne5 27. Qe2 Be7 28.
Nb4 R5c7 29. Rc2 Nc6 30. Nxc6 Rxc6 31. Rdc1 Rxc2 32. Rxc2 Rxc2 33. Qxc2 d5 34.
Qd3 dxe4 35. Qxe4 Qd7 36. Qc2 Qd5 37. a4 bxa4 38. bxa4 Bb4 39. Bxg7 Kxg7 40.
Qb2+ e5 41. Qxb4 Qa2+ 42. Kf1 Qh2 43. Qe1 Qh3+ 44. Kf2 Qh2+ 45. Kf1 Qh3+ 46. Ke2
Qe6 47. a5 Qc4+ 48. Kf2 Qa2+ 49. Ke3 Qb3+ 50. Kf2 Qa2+ 51. Kg1 f6 52. Qc3 Qe2
53. f4 exf4 54. gxf4 Qg4+ 55. Kh2 Qe2+ 56. Kg3 Qg4+ 57. Kf2 Qxf4+ 58. Kg2 Qa4
59. Qc7+ Kg6 60. Kf2 Qa3 61. Qg3+ 1-0

[Event "37th Taminco Open 2014"]
[Site "Ghent BEL"]
[Date "2014.07.20"]
[Round "4.5"]
[White "Sadkowski, Daniel"]
[Black "Czebe, Attila"]
[Result "0-1"]
[WhiteTitle "FM"]
[BlackTitle "GM"]
[WhiteElo "2248"]
[BlackElo "2439"]
[WhiteFideId "200255"]
[BlackFideId "705268"]
[EventDate "2014.07.19"]

1. c4 b6 2. Nc3 e6 3. e4 Bb7 4. g3 c5 5. Bg2 Nf6 6. Nge2 d6 7. O-O Nbd7 8. d3
Qc7 9. h3 Be7 10. Be3 O-O 11. f4 a6 12. a4 d5 13. cxd5 exd5 14. exd5 Rfe8 15.
Qb3 Rad8 16. Bf2 Nf8 17. Qc4 Qd7 18. d4 Nxd5 19. Nxd5 Bxd5 20. Bxd5 Qxd5 21.
Qxd5 Rxd5 22. Nc3 Rdd8 23. d5 Bf6 24. Rfd1 Nd7 25. Rab1 Bxc3 26. bxc3 Re4 27.
Ra1 a5 28. Rd3 f5 29. Re3 Rde8 30. Rae1 Rxe3 31. Rxe3 Rxe3 32. Bxe3 Nf6 33. Bd2
c4 34. Kf2 Nxd5 35. g4 Kf7 36. Kg3 Kf6 37. Kf3 Ke6 38. Kg3 Nf6 39. Be3 Ne4+ 40.
Kf3 g6 41. Bxb6 Nxc3 42. Bxa5 Nxa4 43. Ke3 Kd5 44. Bb4 Nc5 45. Bc3 Ne6 46. gxf5
gxf5 47. Bb4 Kc6 48. Bc3 Kb5 49. Be5 Kb4 0-1

[Event "37th Taminco Open 2014"]
[Site "Ghent BEL"]
[Date "2014.07.20"]
[Round "4.6"]
[White "Ernst, Thomas"]
[Black "Huhndorf, Arnold"]
[Result "1-0"]
[WhiteTitle "GM"]
[BlackTitle "FM"]
[WhiteElo "2364"]
[BlackElo "2273"]
[WhiteFideId "1700065"]
[BlackFideId "4665031"]
[EventDate "2014.07.19"]

1. d4 Nf6 2. c4 c5 3. d5 e6 4. Nc3 exd5 5. cxd5 d6 6. e4 g6 7. f4 Bg7 8. Bb5+
Nfd7 9. a4 O-O 10. Nf3 Na6 11. O-O Nb4 12. Re1 a6 13. Bf1 Re8 14. h3 f5 15. Ng5
Nf8 16. e5 dxe5 17. d6 h6 18. Bc4+ Ne6 19. Nf3 Kh7 20. Nxe5 Nd4 21. Bf7 Re6 22.
Bxe6 Bxe6 23. Be3 Bb3 24. Qd2 Qxd6 25. Rac1 Rd8 26. Kh1 Qf8 27. Rf1 Ndc6 28. Qe2
Nxe5 29. fxe5 Nd3 30. Ra1 Bxe5 31. Rf3 c4 32. Bb6 Re8 33. Re3 Qd6 34. a5 Rf8 35.
Rf1 Rf7 36. Ne4 Qc6 37. Nc5 Nf4 38. Qf3 Qxf3 39. Rfxf3 Bd6 40. Nxb3 cxb3 41.
Rxb3 Bb8 42. Ba7 Bxa7 43. Rxf4 Rd7 44. Rfb4 Rd1+ 45. Kh2 Bg1+ 46. Kg3 1-0

[Event "37th Taminco Open 2014"]
[Site "Ghent BEL"]
[Date "2014.07.20"]
[Round "4.7"]
[White "McMichael, Richard J"]
[Black "Sadikhov, Ulvi"]
[Result "1/2-1/2"]
[WhiteTitle "CM"]
[WhiteElo "2206"]
[BlackElo "2335"]
[WhiteFideId "400963"]
[BlackFideId "13401416"]
[EventDate "2014.07.19"]

1. b3 e5 2. Bb2 d6 3. e3 Nf6 4. c4 g6 5. Nf3 Bg7 6. d4 e4 7. Nfd2 O-O 8. Nc3 Bf5
9. Be2 h5 10. h3 h4 11. Nf1 g5 12. Qd2 Nbd7 13. g3 Qe7 14. O-O-O c6 15. gxh4
gxh4 16. Nh2 Kh7 17. Ng4 Bg6 18. Rdg1 Nh5 19. Rg2 f5 20. Nh2 Bf7 21. Qd1 Nhf6
22. Kb1 Bh6 23. Rhg1 Rg8 24. Bc1 Rxg2 25. Rxg2 a6 26. f4 b5 27. Nf1 Nb6 28. Nd2
Re8 29. Ba3 Qd8 30. Ka1 Nc8 31. Bb2 Rg8 32. Qg1 Rxg2 33. Qxg2 Qe7 1/2-1/2